书目信息 |
| 题名: |
传输机务员
|
|
| 作者: | ;中国石油天然气集团公司职业技能鉴定中心 编著 | |
| 分册: | ||
| 出版信息: | 北京 石油工业出版社 2009.06 |
|
| 页数: | 415页 | |
| 开本: | 26cm | |
| 丛书名: | ||
| 单 册: | ||
| 中图分类: | TN916.1-44 | |
| 科图分类: | ||
| 主题词: | 电话 | |
| 电子资源: | ||
| ISBN: | 978-7-5021-7161-2 | |
| 000 | 00755nam0 2200193 450 | |
| 001 | 338 | |
| 005 | 20160905103958.03 | |
| 010 | @a978-7-5021-7161-2@dCNY48.00 | |
| 100 | @a20160721d2009 km y0chiy0120 ea | |
| 101 | 0 | @achi |
| 102 | @aCN@b110000 | |
| 200 | 1 | @a传输机务员@Achuan shu ji wu yuan@f中国石油天然气集团公司职业技能鉴定中心编著@Fzhong guo shi you tian ran qi ji tuan gong si zhi ye ji neng jian ding zhong xin bian zhu |
| 210 | @a北京@c石油工业出版社@d2009.06 | |
| 215 | @a415页@d26cm | |
| 606 | 0 | @a电话 |
| 690 | @aTN916.1-44@v4 | |
| 711 | 02 | @a中国石油天然气集团公司职业技能鉴定中心@Azhong guo shi you tian ran qi ji tuan gong si zhi ye ji neng jian ding zhong xin@4编著 |
| 801 | 0 | @aCN@b唐山师范学院图书馆@c20160721 |
| 905 | @aZUCC@dTN916.1-44@e117 | |
| 传输机务员/中国石油天然气集团公司职业技能鉴定中心编著.-北京:石油工业出版社,2009.06 |
| 415页;26cm |
| ISBN 978-7-5021-7161-2:CNY48.00 |
| ● |
| 相关链接 |
|
|
|
|
正题名:传输机务员
索取号:TN916.1-44/117
 
预约/预借
| 序号 | 登录号 | 条形码 | 馆藏地/架位号 | 状态 | 备注 |
| 1 | 901439 | 209014396 | 第二样本阅览室/ [索取号:TN916.1-44/117] | 在馆 | |
| 2 | 901440 | 209014403 | 第三借阅区/ [索取号:TN916.1-44/117] | 在馆 | |
| 3 | 901441 | 209014412 | 第三借阅区/ [索取号:TN916.1-44/117] | 在馆 | |
| 4 | 901442 | 209014421 | 第三借阅区/ [索取号:TN916.1-44/117] | 在馆 |